[Event "Kragero Resort Chess A 2018"]
[Site "Kragero"]
[Date "2018.02.25"]
[Round "8"]
[White "Huse, Sigurd Kjelsbol"]
[Black "Ingebretsen, Jens E"]
[Result "0-1"]
[WhiteElo "1993"]
[BlackElo "2174"]
[Annotator "NA"]
[PlyCount "94"]
[EventDate "2018.??.??"]
[EventType "swiss"]
[EventCountry "NOR"]
[SourceTitle "playchess.com"]
[Source "ChessBase"]
[SourceQuality "1"]
[TimeControl "5400+30"]

1. e4 {[%emt 0:00:00]} e5 {[%emt 0:00:13]} 2. Nf3 {[%emt 0:00:00]} Nc6 {[%emt 0:00:14]} 3. Bb5 {[%emt 0:00:00]} a6 {[%emt 0:00:21]} 4. Bxc6 {[%emt 0:00:00]} dxc6 {[%emt 0:00:16]} 5. O-O {[%emt 0:00:00]} Qf6 {[%emt 0:00:19]} 6. d3 {[%emt 0:02:23]} Bg4 {[%emt 0:00:16]} 7. Be3 {[%emt 0:00:07] C68: Ruy Lopez: Exchange Variation, sidelines} Bxf3 {[%emt 0:00:28]} 8. Qxf3 {[%emt 0:00:03]} Qxf3 {[%emt 0:00:02]} 9. gxf3 {[%emt 0:00:13]} c5 $146 {[%emt 0:00:14]} ({Find the theoretical novelty and annotate with similar games:} 9... Bd6 10. Rd1 Ne7 11. c3 c5 12. Nd2 Ng6 13. Kf1 O-O-O 14. a4 Nf8 {½-½ (30) Zapata,A (2438)-Quesada Perez,Y (2624) Greensboro 2017}) 10. Nd2 {[%emt 0:02:19]} f6 {[%emt 0:03:08]} 11. f4 {[%emt 0:00:45]} exf4 {[%emt 0:00:53]} 12. Bxf4 {[%emt 0:00:07]} O-O-O {[%emt 0:00:16]} 13. a4 {[%emt 0:02:40]} Ne7 {[%emt 0:00:32]} 14. Nc4 {[%emt 0:04:23]} Nc6 {[%emt 0:00:26]} 15. Kg2 {[%emt 0:07:33]} Nd4 {[%emt 0:00:53]} 16. Ne3 {[%emt 0:00:49]} h5 {[%emt 0:03:19]} (16... g5 $5 17. Bg3 $8 h5 $11) 17. h3 {[%emt 0:05:51]} Bd6 {[%emt 0:03:00]} (17... g5 $11 18. Bh2 h4) 18. Bxd6 {[%emt 0:00:59]} Rxd6 {[%emt 0:00:02]} 19. f4 {[%emt 0:01:44]} Rg8 {[%emt 0:02:29]} 20. Rf2 {[%emt 0:02:30]} g6 {[%emt 0:03:54]} 21. Kh2 {[%emt 0:03:20]} Kb8 {[%emt 0:04:07] [#]} (21... f5 $11 {remains equal.}) 22. Rg1 $1 {[%emt 0:05:17]} g5 {[%emt 0:00:43]} 23. fxg5 {[%emt 0:13:21]} fxg5 {[%emt 0:00:07]} 24. Rgf1 {[%emt 0:01:57]} Ka7 {[%emt 0:02:42]} 25. Rf7 {[%emt 0:03:36]} g4 {[%emt 0:01:48]} 26. Rxc7 {[%emt 0:06:21]} Nf3+ {[%emt 0:17:09]} 27. Kh1 {[%emt 0:01:07]} Rg5 {[%emt 0:16:36]} 28. Rh7 $18 {[%emt 0:08:28]} Rf6 {[%emt 0:03:21]} 29. h4 {[%emt 0:05:47]} Rgg6 {[%emt 0:06:58]} 30. Rxh5 {[%emt 0:00:52]} c4 {[%emt 0:06:04]} 31. Rf5 {[%emt 0:02:30]} cxd3 {[%emt 0:01:40]} 32. cxd3 {[%emt 0:01:03]} Rb6 {[%emt 0:01:14]} 33. h5 {[%emt 0:04:17]} Rg8 {[%emt 0:01:44]} 34. Nc4 {[%emt 0:02:07]} Rb3 {[%emt 0:02:34]} 35. Rd5 {[%emt 0:03:20]} b5 {[%emt 0:10:18]} 36. axb5 {[%emt 0:03:54]} axb5 {[%emt 0:00:18]} 37. Rd7+ {[%emt 0:02:13]} Kb8 {[%emt 0:00:20]} 38. Nd6 {[%emt 0:00:06]} Rb4 {[%emt 0:01:08]} 39. Ra1 {[%emt 0:05:18]} Ra4 {[%emt 0:00:33]} 40. Rxa4 {[%emt 0:00:02]} bxa4 {[%emt 0:00:07]} 41. Nf5 {[%emt 0:00:45]} Rg5 {[%emt 0:06:12]} 42. Ng3 {[%emt 0:02:06]} Rb5 {[%emt 0:01:46]} 43. Rf7 {[%emt 0:00:40]} Rxb2 {[%emt 0:00:44]} 44. Nf1 {[%emt 0:00:01]} Rf2 {[%emt 0:00:59]} 45. h6 {[%emt 0:00:58]} g3 {[%emt 0:00:43]} 46. Rxf3 {[%emt 0:00:25]} g2+ {[%emt 0:00:08]} 47. Kg1 {[%emt 0:00:11]} gxf1=R# {[%emt 0:00:11]} 0-1

[Event "Kragero Resort Chess A 2018"]
[Site "Kragero"]
[Date "2018.02.25"]
[Round "8"]
[White "Skjolingstad, Sverre"]
[Black "Royset, Pal"]
[Result "0-1"]
[WhiteElo "1749"]
[BlackElo "2285"]
[Annotator "NA"]
[PlyCount "92"]
[EventDate "2018.??.??"]
[EventType "swiss"]
[EventCountry "NOR"]
[SourceTitle "playchess.com"]
[Source "ChessBase"]
[SourceQuality "1"]
[TimeControl "5400+30"]

{[%evp 8,90,31,8,42,34,33,20,31,0,48,4,4,-6,0,0,-9,0,0,0,32767,32767,32767,32767,32767,32767,32767,32767,32767,32767,32767,32767,32767,-116,32767,-120,-122,-101,-125,-120,-126,-374,32767,-417,-385,-372,0,32767,0,-350,-345,32767,32767,32767,32767,32767,32767,-115,32767,32767,32767,32767,-139,-149,-101,-162,32767,32767,32767,32767,-553,32767,32767,32767,32767,32767,32767,32767,32767,32767,32767,32767,32767,-1045,-12840]} 1. e4 {[%emt 0:00:00]} c5 {[%emt 0:00:07]} 2. Nf3 {[%emt 0:00:00]} e6 {[%emt 0:00:06]} 3. d4 {[%emt 0:00:00]} cxd4 {[%emt 0:00:06]} 4. Nxd4 {[%emt 0:00:04]} Nc6 {[%emt 0:00:06]} 5. Nc3 {[%emt 0:00:48]} Qc7 {[%emt 0:00:08]} 6. Be2 {[%emt 0:01:24]} a6 {[%emt 0:00:48]} 7. O-O {[%emt 0:00:29]} b5 {[%emt 0:00:37] LiveBook: 319 Games} 8. Re1 {[%emt 0:07:02]} Nf6 {[%emt 0:04:14]} 9. Bf3 {[%emt 0:05:24] B43: Sicilian: Kan Variation: 5 Nc3} (9. Nxc6 dxc6 10. e5 Nd5 11. Nxd5 cxd5 12. Bd3 g6 13. Bg5 Bg7 14. a4 O-O 15. Bf6 b4 16. Qg4 a5 {1-0 (47) Diamant,A (2412)-Burstein,R (2331) Beijing 2008}) 9... Ne5 {[%emt 0:09:52]} 10. Nd5 $146 {[%emt 0:21:59]} ({Predecessor:} 10. Bf4 d6 11. Bg3 Bb7 12. h3 Be7 13. Kh1 O-O 14. Rc1 Rac8 15. a3 Nc4 16. Rb1 Nxa3 17. bxa3 Qxc3 {0-1 (33) Botello,G (1980)-Sanchez Liecano,S (2282) Pamplona 2012}) 10... exd5 {[%emt 0:10:08]} 11. exd5 {[%emt 0:00:10]} Bd6 {[%emt 0:04:32]} 12. Bf4 {[%emt 0:00:56]} O-O {[%emt 0:02:03] [#]} 13. Rxe5 $1 {[%emt 0:02:12]} Bxe5 {[%emt 0:01:00]} 14. d6 {[%emt 0:00:08]} Qxd6 {[%emt 0:01:52]} 15. Bxe5 {[%emt 0:00:49]} Qxe5 {[%emt 0:00:16]} 16. Bxa8 {[%emt 0:00:14]} d5 {[%emt 0:01:10]} 17. Bc6 {[%emt 0:08:33]} Ng4 {[%emt 0:02:16]} 18. g3 {[%emt 0:06:44]} Qf6 {[%emt 0:06:02]} 19. f4 {[%emt 0:07:00]} Ne3 {[%emt 0:07:00]} 20. Qd3 {[%emt 0:08:40]} Nf5 {[%emt 0:03:13]} 21. Nxf5 {[%emt 0:01:24]} Bxf5 {[%emt 0:00:17]} 22. Qxd5 {[%emt 0:00:35]} Qxb2 {[%emt 0:03:40]} 23. Re1 {[%emt 0:06:27]} Qxc2 {[%emt 0:05:05]} 24. Re8 $2 {[%emt 0:01:56]} (24. Qd6 $17 Be6 25. Bd5 Bxd5 26. Qxd5) 24... Rxe8 {[%emt 0:05:32]} 25. Bxe8 {[%emt 0:00:14]} Qb1+ $2 {[%emt 0:01:45]} ({Black should try} 25... Be6 $19 26. Qd8 Qb1+ 27. Kg2 Qxa2+ 28. Kg1 Qb1+ 29. Kg2 Qb2+ 30. Kg1 Qf6 31. Qxf6 gxf6) 26. Kf2 {[%emt 0:00:19]} Qc2+ {[%emt 0:00:26]} 27. Kg1 {[%emt 0:02:02]} Qb1+ {[%emt 0:02:47]} 28. Kf2 {[%emt 0:00:14]} Qb2+ {[%emt 0:00:32]} 29. Kf3 {[%emt 0:02:37]} Bg4+ {[%emt 0:01:48]} 30. Kxg4 {[%emt 0:02:09]} Qe2+ {[%emt 0:00:08]} 31. Kf5 {[%emt 0:03:23]} Qxe8 {[%emt 0:01:31]} 32. Qe5 {[%emt 0:01:22]} Qc8+ {[%emt 0:04:56]} 33. Ke4 {[%emt 0:01:00]} h6 {[%emt 0:01:10]} 34. Qd5 {[%emt 0:01:15]} b4 {[%emt 0:02:29]} 35. Kf3 {[%emt 0:01:30]} Qb8 {[%emt 0:02:19]} 36. Kg4 {[%emt 0:01:00]} (36. h4 $17) 36... Qb6 {[%emt 0:00:56]} 37. f5 {[%emt 0:02:44]} a5 {[%emt 0:01:04]} 38. Qa8+ {[%emt 0:00:16]} Kh7 {[%emt 0:00:18]} 39. Qd5 {[%emt 0:00:12]} Qc7 {[%emt 0:01:01]} 40. Qb5 {[%emt 0:01:50]} Qd8 {[%emt 0:01:14]} 41. h4 {[%emt 0:01:06]} Qd1+ {[%emt 0:01:19]} 42. Kh3 {[%emt 0:00:22]} Qh1+ {[%emt 0:00:45]} 43. Kg4 {[%emt 0:00:06]} Qe4+ {[%emt 0:00:22]} 44. Kh3 {[%emt 0:00:11]} h5 {[%emt 0:00:44]} 45. Qf1 {[%emt 0:01:39]} a4 $19 {[%emt 0:00:48]} 46. Kh2 {[%emt 0:00:46]} b3 {[%emt 0:00:27]} 0-1

[Event "Kragero Resort Chess A 2018"]
[Site "Kragero"]
[Date "2018.02.25"]
[Round "9"]
[White "Hammer, Jon Ludvig"]
[Black "Lie, Espen"]
[Result "1-0"]
[WhiteElo "2622"]
[BlackElo "2473"]
[Annotator "TA"]
[PlyCount "75"]
[EventDate "2018.??.??"]
[EventType "swiss"]
[EventCountry "NOR"]
[SourceTitle "playchess.com"]
[Source "ChessBase"]
[SourceQuality "1"]

{[%evp 20,75,46,22,86,73,68,65,77,70,102,72,91,75,70,72,79,70,140,126,120,0,6,-17,29,32,25,33,16,30,113,59,124,84,81,79,118,75,101,91,198,195,199,153,145,150,128,106,98,23,26,30,98,44,450,458,605,597]} 1. e4 {[%cal Be2e4,Be4e5][%mdl 32]} Nf6 2. e5 Nd5 3. d4 d6 4. Nf3 c6 5. Be2 dxe5 6. Nxe5 Nd7 7. Nf3 {B04: Alekhine's Defence: 4 Nf3} g6 8. c4 Nc7 9. Nc3 Bg7 10. Bf4 O-O 11. O-O {LiveBook: 30 Games} Nf6 (11... c5 $11) 12. h3 Nh5 13. Be3 Ne6 14. Re1 Qc7 15. Bf1 Rd8 16. Qd2 b6 17. Rad1 Bb7 18. Qc1 {[#]} Rd7 $146 (18... Rac8 $14) 19. d5 $16 cxd5 20. Nxd5 (20. cxd5 $16 Nc5 21. Bd4) 20... Qd8 $11 21. Qd2 Bxd5 22. cxd5 Nc7 {[%cal Rc7d5]} 23. Bc4 Nf6 24. Bf4 {[%cal Be3f4,Bf4e5,Be5c3][%mdl 32] [#] Hoping for Ne5.} Nfe8 (24... Nfxd5 $11 {remains equal.} 25. Bxc7 Qxc7 26. Bxd5 Rad8) 25. Bb3 (25. Be5 $16) 25... Nd6 (25... a5 $14) 26. Ne5 Bxe5 27. Bxe5 a5 28. a3 a4 {[#]} 29. Ba2 $1 $40 {[%mdl 128] White is out for blood.} ({Avoid the trap} 29. Qh6 $2 Nf5 $19) 29... Na6 (29... Nce8 $16) 30. h4 $18 ({Don't do} 30. Qh6 $6 f6 $16) 30... f6 31. Bc3 Nc5 32. Qf4 Qf8 33. g4 Rc8 34. g5 (34. Re3 $16) 34... fxg5 $1 $11 35. Qxg5 {aiming for Bb1.} Qf5 (35... Qf3 $1 $11) 36. Qg2 (36. Qxf5 $16 {White threatens Qe5 and mate.} gxf5 37. f3) 36... Nce4 $2 {[%mdl 8192]} ({Black should play} 36... Rf8 $1 $14) 37. Bb1 $18 Rc4 38. f3 {Precision: White = 54%, Black = 41%.} 1-0

[Event "Kragero Resort Chess A 2018"]
[Site "Kragero"]
[Date "2018.02.25"]
[Round "9"]
[White "Hillarp Persson, Tiger"]
[Black "Chatalbashev, Boris"]
[Result "1/2-1/2"]
[WhiteElo "2543"]
[BlackElo "2571"]
[Annotator "TA"]
[PlyCount "229"]
[EventDate "2018.??.??"]
[EventType "swiss"]
[EventCountry "NOR"]
[SourceTitle "playchess.com"]
[Source "ChessBase"]
[SourceQuality "1"]

{[%evp 21,229,0,17,10,36,0,68,19,121,100,106,11,87,91,162,142,131,131,131,136,156,83,82,92,86,71,77,77,73,69,61,39,69,48,44,45,64,64,66,33,34,27,28,38,38,28,38,38,70,58,131,132,129,122,124,124,128,105,102,70,73,70,70,70,91,91,199,204,187,133,269,268,266,255,254,254,293,184,184,184,184,184,235,162,164,147,154,147,151,147,146,146,154,147,157,74,74,74,74,74,81,43,44,54,57,44,54,63,74,77,99,43,51,37,37,8,8,8,8,8,8,0,0,0,8,8,8,8,8,0,0,0,8,8,8,0,8,8,8,8,8,8,8,8,8,8,8,8,8,8,8,0,8,0,8,0,0,0,0,0,0,0,8,8,8,8,8,8,8,0,8,8,8,8,8,0,0,0,0,0,0,0,8,8,8,8,8,8,8,0,8,0,8,0,8,8,8,0,0,0,0,0,0,0,0,0,0,0,8,8]} 1. d4 Nf6 2. c4 g6 3. Nc3 d5 4. Nf3 Bg7 5. Qb3 dxc4 6. Qxc4 O-O 7. e4 Na6 8. Be2 c5 9. d5 e6 10. O-O exd5 11. exd5 Qb6 {LiveBook: 7 Partien} 12. Qh4 {D97: Grünfeldindisch (Russisches System, Ragosin-Variante)} Bf5 13. Bg5 Nd7 ({Besser ist} 13... Nc7 $1 $11) 14. Bb5 {Weiß steht etwas besser.} Nc7 (14... Ne5 $1 $11) 15. Bxd7 $1 $16 Bxd7 {[#]} 16. Rad1 $146 (16. Be7 $16) ({Vorgänger:} 16. d6 Qxd6 17. Rad1 Qc6 18. Be7 {1-0 (58) Sosonko,G (2530)-Liberzon,V (2550) Geneve 1977}) 16... Qb4 (16... f6 $1 $11 {hält das Gleichgewicht.} 17. d6 fxg5 18. Nxg5 h6 19. Qc4+ Kh8 20. dxc7 Qxc7) 17. Ne4 Bf5 (17... f5 $16 {war einen Versuch wert.} 18. Nf6+ Bxf6 19. Bxf6 Qxh4 20. Bxh4 Rfe8) 18. Nf6+ Bxf6 19. Qxb4 cxb4 20. Bxf6 Be4 21. d6 ({Lieber} 21. Be7) 21... Nd5 22. Bh4 f6 23. Nd4 {Droht Tfe1 und aus.} Nb6 24. Ne6 {Droht stark d7.} Rf7 25. f3 Bc6 26. Rd4 a5 27. Rfd1 Re8 28. Nc5 g5 29. Bf2 Nd7 30. Nxd7 (30. Nb3 {is interesting.} Ba4 31. R4d2 Re5 32. Rc1 Bc6 33. Bg3) 30... Rxd7 31. R4d2 Kf7 32. Bb6 Re5 33. Kf2 Ke6 34. Bc7 Rd5 35. Re2+ Kf7 (35... Re5 $14) 36. Rxd5 Bxd5 {[%mdl 4096] Endspiel KTL-KTL} 37. b3 $1 ({Bloß nicht} 37. Bxa5 $6 b3 $14) 37... h5 38. Ke3 b6 39. Rd2 Ke6 40. Bxb6 a4 41. Bc7 axb3 42. axb3 Bxb3 43. Rb2 Bd5 (43... Bc4 $16) 44. Kd4 $18 {Schwarz muss nun Te2+ beachten.} ({Finger weg von} 44. Rxb4 $6 Rg7 $16) 44... Ba8 45. Rxb4 (45. Re2+ $18 Kf5 46. Ra2) 45... g4 (45... Rh7 $16 {war angesagt.} 46. Rb8 Bc6) 46. Rb8 $1 {[%cal Rb8e8]} Bd5 47. Re8+ Kf7 48. Re3 Bb7 49. fxg4 hxg4 50. Rg3 $1 f5 {[#]} 51. Ke5 $1 Kg6 (51... Bc8 $142 52. Rb3 f4 53. Kxf4 Kg6) 52. Rb3 Bxg2 53. Ke6 Bc6 54. Rb6 Ba4 55. Rb4 Bc6 {[#]} 56. Rc4 $1 {[%cal Rc4c6]} Bb5 57. Rc5 Ba4 58. Rxf5 (58. Ra5 $142 Bc6 59. Rxf5) 58... Rg7 $16 {...Ld7+ ist eine echte Drohung.} 59. Rf6+ Kh7 60. Rf2 Bd7+ 61. Kf6 g3 62. hxg3 Rxg3 63. Bd8 Rg6+ 64. Ke5 Kg7 65. Bf6+ Kg8 66. Rh2 (66. Ra2 $16) 66... Rg4 $1 $14 67. Rh8+ Kf7 68. Rd8 Bc6 {Die Stellung ist ausgeglichen.} 69. d7 Bxd7 $1 70. Rxd7+ $11 {KTL-KT} Kg6 $1 71. Ke6 Re4+ 72. Be5 (72. Kd5 $5 {[%cal Rd5e4]} Re8 73. Be5 $14) 72... Rg4 73. Rd8 Rg5 74. Bf6 {Beabsichtigt Tg8+ und Matt.} Rg4 (74... Rb5 {is interesting.} 75. Rg8+ Kh6 76. Rg3 Kh5 77. Be5 Kh4) 75. Rh8 Re4+ 76. Be5 Rg4 77. Rf8 Kg5 78. Rf6 Kh5 79. Kf5 Rg5+ 80. Ke4 Kg4 81. Bf4 Rg8 82. Rh6 Re8+ 83. Be5 Rg8 84. Rh1 {Weiss will mit Tg1+ Matt setzen.} Rg6 85. Rh2 Kg5 86. Rh1 Kg4 $1 87. Rf1 Kg5 88. Rf4 Ra6 89. Rf5+ Kg4 90. Rf4+ Kg5 91. Rf8 Rg6 92. Bf4+ (92. Rh8 {seems wilder.} Kg4 93. Ra8 Rg5 94. Ra7 Rg6 95. Rh7) 92... Kg4 93. Re8 Rg7 94. Be5 Rg6 95. Rf8 Kg5 96. Rf7 Kg4 97. Bf6 Rg8 98. Be7 Rg6 99. Rf4+ Kg3 100. Rf3+ Kg2 101. Rf7 Kg3 102. Bf6 Rg4+ 103. Ke3 Rg8 104. Be5+ Kg4 105. Rf4+ Kg5 106. Rf1 {Und Tg1+ würde nun gewinnen.} Rg6 107. Ke4 Kg4 108. Bf6 Kh5 109. Kf5 {[%cal Rf1h1]} Rg5+ $1 110. Ke6 (110. Ke4 {keeps more tension.} Rg2 111. Rh1+ Kg6 112. Kf3 Rd2 113. Be5) 110... Rg2 111. Rf4 Kg6 112. Rh4 Re2+ 113. Be5 Rg2 114. Rh8 {Droht Matt per Tg8+.} Rg4 115. Rg8+ {Precision: Weiß = 55%, Schwarz = 54%.} 1/2-1/2

[Event "Kragero Resort Chess A 2018"]
[Site "Kragero"]
[Date "2018.02.25"]
[Round "9"]
[White "Lie, Kjetil A"]
[Black "Kveinys, Aloyzas"]
[Result "1-0"]
[WhiteElo "2523"]
[BlackElo "2550"]
[Annotator "TA"]
[PlyCount "63"]
[EventDate "2018.??.??"]
[EventType "swiss"]
[EventCountry "NOR"]
[SourceTitle "playchess.com"]
[Source "ChessBase"]
[SourceQuality "1"]

{[%evp 18,63,43,19,53,39,56,55,72,54,41,32,33,35,33,34,43,43,43,39,44,61,87,81,94,93,95,87,82,75,187,97,83,87,102,99,131,120,195,184,187,189,189,189,262,262,425,422]} 1. d4 Nf6 2. Bf4 b6 3. e3 Bb7 4. Nf3 e6 5. c3 c5 6. Bd3 Be7 {A47: 1 d4 Nf6 2 Nf3 b6: Torre, London and Colle Systems} 7. h3 O-O 8. O-O d6 9. Nbd2 cxd4 (9... Nc6 10. Bh2 Re8 11. a3 Bf8 12. Qe2 g6 13. Rfd1 a6 14. e4 d5 15. e5 Nd7 16. Bf4 b5 17. Qe3 Rc8 {0-1 (48) Grachev,B (2645)-Fedoseev,V (2733) Sochi 2017}) 10. cxd4 {LiveBook: 8 Games} Nd5 11. Bh2 f5 $146 ({Predecessor:} 11... Nb4 12. Be2 Nd7 13. a3 Nc6 14. e4 d5 15. exd5 exd5 16. Nb1 Nf6 17. Nc3 Bd6 18. Bxd6 Qxd6 19. Bd3 Rad8 20. Re1 Rfe8 21. Qd2 h6 22. Rxe8+ Rxe8 23. Re1 {½-½ (23) Juergens,P (1872)-Cichy,M (2077) Neustadt 2017}) 12. a3 Ba6 13. Bxa6 Nxa6 14. Qe2 Nac7 15. Rac1 {[%cal Ba1c1,Bc1c2,Bc2c6][%mdl 32]} Qd7 16. Rfe1 h6 17. e4 fxe4 18. Nxe4 Rae8 19. Rc2 Rf5 20. Rec1 {Black must now prevent Rc6.} Ref8 21. Rc6 {[%cal Re4d6]} Ne8 22. Qa6 Ndf6 23. Ned2 Rc5 {[#]} (23... Nd5 $16) 24. dxc5 (24. R6xc5 $1 $18 dxc5 25. Nc4) 24... Qxc6 $16 25. Qxa7 Bd8 26. b4 {Hoping for b5!} bxc5 27. bxc5 dxc5 (27... Rf7 $16 28. Qb8 Bc7) 28. Rxc5 $18 Qd7 29. Qxd7 Nxd7 30. Rc6 Kf7 (30... Be7 {was called for.} 31. Nc4 (31. Rxe6 Bxa3 32. Ra6 Bb4 $16) 31... Nef6 32. Rxe6 Bc5) 31. Nc4 Bf6 $2 {[#]} (31... Nef6 32. Bd6 Re8) 32. a4 {Precision: White = 71%, Black = 30%.} 1-0

[Event "Kragero Resort Chess A 2018"]
[Site "Kragero"]
[Date "2018.02.25"]
[Round "9"]
[White "Kantans, Toms"]
[Black "Kaasen, Tor Fredrik"]
[Result "1/2-1/2"]
[WhiteElo "2487"]
[BlackElo "2335"]
[Annotator "TA"]
[PlyCount "100"]
[EventDate "2018.??.??"]
[EventType "swiss"]
[EventCountry "NOR"]
[SourceTitle "playchess.com"]
[Source "ChessBase"]
[SourceQuality "1"]

{[%evp 20,100,27,17,63,34,33,0,35,0,47,11,44,25,34,32,61,58,51,58,77,0,0,0,0,0,0,0,0,-21,16,-65,-65,-116,-91,-106,-63,-47,-7,-7,-7,-7,0,0,0,0,0,0,0,0,0,0,6,6,27,36,117,118,118,110,114,122,544,508,441,-405,-408,-29967,-29963,-29967,-29968,-29974,-29972,-5093,0,0,0,0,-3,-3,0,0,0]} 1. e4 c5 2. Nf3 e6 3. d4 cxd4 4. Nxd4 a6 5. c4 Nf6 6. Nc3 Bb4 7. Qd3 {B41: Sicilian: Kan Variation: 5 c4} d5 (7... O-O 8. Be2 d6 9. O-O Nbd7 10. Qc2 Bxc3 11. bxc3 Nc5 12. f3 Qc7 13. Be3 Bd7 14. Qd2 e5 {0-1 (45) Jakovenko,D (2710)-Andreikin,D (2708) Sochi 2017}) 8. exd5 exd5 9. Be2 O-O 10. O-O Nc6 11. Rd1 {LiveBook: 4 Games} Re8 {White must now prevent ...Nxd4.} 12. Nxc6 (12. Nxd5 $5 {[%cal Rd4c6]} Nxd5 13. Nxc6 bxc6 14. cxd5 Qxd5 15. Be3 $14 (15. Qxd5 cxd5 16. Bf3 Be6 $14)) 12... bxc6 13. Bf3 $146 {[%cal Rc4d5]} ({Predecessor:} 13. Bg5 Be6 14. cxd5 cxd5 {1-0 (31) Sedina,E (2371)-Bjarnason,O (2255) Basel 2006}) 13... Be6 (13... Ng4 $5 {[%cal Rg4f2]} 14. Qd4 Qe7 $11) 14. Bg5 {[%cal Rc4d5]} Be7 15. Qc2 Qb6 (15... Rc8 {is more complex.} 16. cxd5 cxd5 17. Qa4 Rb8 18. Rab1 Rb4) 16. cxd5 Nxd5 17. Bxe7 Rxe7 18. Bxd5 cxd5 19. Rxd5 Rc8 20. Rd2 (20. Qd2 $16) 20... Bxa2 $1 $11 21. Nd5 Rxc2 22. Rxc2 {Intending Rc8+ and mate.} (22. Nxb6 $2 {too greedy.} Rxd2 23. Na4 Bc4 $19) 22... Qe6 {( -> ...Qe1+!)} 23. Nxe7+ Kf8 24. Rc7 Qd6 25. Rac1 (25. Rcc1 $11) 25... Be6 $15 {[%mdl 1024] Black has compensation.} 26. h3 ({Better is} 26. Nc8 $15 Qb4 27. R7c2) 26... g6 $17 27. Nc8 Qb4 28. R7c2 Kg7 29. Na7 $1 Bd5 {Threatens to win with ...Qe4.} 30. Nc6 Qe4 {[%csl Gd5][%cal Re4g2]} (30... Qf4 {seems wilder.} 31. Rc5 Qd2 32. b4 Qg5 33. f3 Qd2) 31. f3 Qe3+ 32. Kh1 h5 33. Rc3 $36 {[%mdl 2048] White has some pressure.} Qf2 34. Nb4 Bb7 35. Nd3 Qg3 36. Nc5 Ba8 37. Nxa6 g5 (37... Qf2 $14) 38. Nc7 $1 $16 {[%cal Rc7a8]} Bb7 {[#]} 39. Ne8+ $1 Kg6 40. Rb3 g4 $2 {[%mdl 8192]} (40... Bd5 $16 {is tougher.} 41. Rb6+ Be6) 41. Rb6+ Kg5 42. Nd6 $4 {[%mdl 8192] [#]} (42. Rxb7 $18 {and life is good for White.} gxh3 43. Rc5+ Kf4 44. Rxf7+ Ke3 45. Rc2 (45. Rc3+ Kf2 $11)) 42... Bxf3 $1 $19 {[%csl Gf3][%cal Rg3g2][%mdl 512]} 43. Rc5+ (43. h4+ $19 Qxh4+ 44. Kg1) (43. gxf3 Qxf3+) 43... f5 $1 44. Rxf5+ Kh4 {[%csl Gf3][%cal Rg3g2]} 45. Rxf3 Qe1+ 46. Kh2 g3+ $2 ({Black should try} 46... gxf3 $19 47. Nf5+ Kg5) 47. Rxg3 $11 {The position is equal.} Qxg3+ 48. Kh1 {Rb4+ would kill now.} Qe1+ (48... Qf4 $5) 49. Kh2 Qg3+ 50. Kh1 {White threatens Rb4+ and mate.} Qe1+ {Precision: White = 44%, Black = 45%.} (50... Qf4 $5) 1/2-1/2

[Event "Kragero Resort Chess A 2018"]
[Site "Kragero"]
[Date "2018.02.25"]
[Round "9"]
[White "Holm, Kristian Stuvik"]
[Black "Vestby-Ellingsen, Mads"]
[Result "1-0"]
[WhiteElo "2448"]
[BlackElo "2160"]
[Annotator "TA"]
[PlyCount "95"]
[EventDate "2018.??.??"]
[EventType "swiss"]
[EventCountry "NOR"]
[SourceTitle "playchess.com"]
[Source "ChessBase"]
[SourceQuality "1"]

{[%evp 14,94,32,-7,12,0,-2,-11,-4,0,-13,-4,0,-11,6,-27,-13,-22,-24,-93,-95,-97,-102,-121,-122,-119,-96,-110,-118,-91,-58,-66,-35,-69,-32,-60,-58,-77,14,-130,-62,-108,-99,-97,-85,-100,0,-8,154,147,146,107,100,0,0,0,1023,995,974,255,251,264,256,260,260,258,29968,29969,29966,29942,6520,759,854,854,845,796,756,741,6612,6528,1591,856,29999]} 1. d4 Nf6 2. c4 e6 3. Nf3 b6 4. g3 Bb7 5. Bg2 Be7 6. O-O O-O 7. Re1 a5 {E17: Damenindisch (Hauptfortsetzung)} 8. d5 {LiveBook: 5 Partien} (8. Bf4 Na6 9. Nc3 Ne4 10. Nd2 Nxc3 11. bxc3 Bxg2 12. Kxg2 Nb8 13. e4 d6 14. Nf3 a4 15. e5 {½-½ (33) Nakamura,H (2781)-Rapport,R (2700) Caleta 2018}) 8... Bb4 9. Rf1 exd5 {Die Stellung ist ausgeglichen.} 10. Nh4 {[%cal Rc4d5]} c6 11. cxd5 Nxd5 12. e4 Ne7 13. a3 Bc5 14. Nc3 {[#]} d5 $146 ({Vorgänger:} 14... d6 15. Bf4 {0-1 (38) Cheng,B (2406)-Rozentalis,E (2619) Montreal 2013}) 15. Na4 Na6 16. Nxc5 (16. Qc2 $11) 16... Nxc5 $17 ({Natürlich nicht} 16... bxc5 17. Re1 $11) 17. exd5 Nxd5 18. Qg4 Bc8 19. Qf3 Ba6 20. Rd1 Re8 {Und ...Le2 würde nun gewinnen.} 21. Be3 Qc7 22. Nf5 Nxe3 23. Nxe3 Re6 24. b4 Nd3 25. Nf5 Ne5 (25... Rf6 $17 {...De5 ist eine echte Drohung.} 26. Qg4 g6 27. Nh6+ Kg7) 26. Qf4 (26. Qc3 $11 {bleibt in der Remisbreite.} Rf6 27. Ne3) 26... Rae8 ({Günstiger ist} 26... Be2 $1 $17 {[%cal Re2d1]} 27. Rd4 axb4 28. Rxb4 Rae8) 27. h4 Be2 28. Rd4 c5 29. Rc1 Qa7 (29... g6 $17 30. Re4 Bf3 $1 {[%mdl 512]}) 30. Rd6 {zielt auf bxc5 ab.} Nd3 $2 {[#]} ({Besser ist} 30... g6 $11 31. Qg5 f6 32. Rxe6 Rxe6) 31. Qg5 $1 $40 {[%csl Gf5][%cal Rg5g7][%mdl 640] Weiss will per K.O. gewinnen.} f6 32. Rxe6 Rxe6 {[#]} (32... fxg5 $2 {verliert.} 33. Rxe8+ Kf7 34. Nd6+ (34. Rxe2 Nxc1 35. Nd6+ Kf6 $15) 34... Kf6 35. Rb1 $18) 33. Nh6+ ({Lieber} 33. Qd2 $1 $16) 33... Kf8 $1 $11 34. Qd5 Nxc1 $4 {[%mdl 8192]} (34... Qe7 $11 35. Nf5 Re5 36. Nxe7 Rxd5) 35. Qxe6 $18 {jetzt Dc8+ und aus.} gxh6 36. Qxf6+ $2 (36. Bd5 Bh5 37. Qg8+ Ke7 38. Qxh7+ Kd6 39. Qxa7 Kxd5 40. Qxb6 axb4 41. axb4) 36... Qf7 37. Qxh6+ Qg7 38. Qxc1 axb4 39. axb4 cxb4 $2 (39... Qe5 $18 40. Qh6+ Kg8 41. Qxb6 cxb4 42. Qxb4 Bh5) 40. Qc8+ Ke7 41. Qc7+ Kf6 42. Qf4+ (42. Qd6+ $142 Kf5 43. Qd5+ Kf6 44. Qd4+ Kg6 45. Be4+ Kf7 46. Bd5+ Kf8 47. Qf4+ Ke8 48. Qb8+ Kd7 49. Qb7+ Kd6 50. Qxg7 Kxd5 51. Qd7+ Ke4 52. Qe6+ Kd3 53. Qe3+ Kc2 54. Qxe2+ Kb1 55. Qe4+ Kb2 56. Qxb4+ Kc1 57. Qxb6) 42... Ke7 43. Qe3+ Kd7 44. Qxe2 Qc3 45. Bd5 Kd6 46. Qe6+ Kc5 47. Bb3 {[%csl Gb3][%cal Re6d5]} h5 48. Qd5# {Precision: Weiß = 36%, Schwarz = 36%.} 1-0